000 00987nam a22003257a 4500
001 0024355
003 KOHA_MİRAKIL
005 20260207002437.0
007 ta
008 101112b2009 tu |||gr||||#||||0|tur |
020 _a9786053951681
_c6,26
040 _aTR-BiSEU
_btur
_cTR-BiSEU
_erda
041 0 _atur
044 _ctu
050 _aHN18
_b.E44 2009
100 1 _aEmek, Uğur.
245 1 _aRekabetçi piyasa ekonomisi :kavramlar, kurallar, kurumlar /
_cUğur Emek ; Uğur Emek.
264 1 _aAnkara :
_bNobel Yayın Dağıtım
_c2009
300 _aXII, 148 sayfa; 24 cm.
336 _ametin
_btxt
_2rdacontent
337 _aaracısız
_bn
_2rdamedia
338 _acilt
_bnc
_2rdacarrier
490 1 _aNobel yayın : 1371.
490 1 _a İktisadi ve İdari Bilimler ;
_v227.
500 _aKaynakça var.
650 0 _a Economics.
_949759
830 1 _aNobel yayın : 1371.
_949760
830 1 _a İktisadi ve İdari Bilimler ;
_v227.
_949746
942 _2lcc
_cBK
999 _c24307
_d24307